Little Women / Louisa May Alcott

Novela de literatura juvenil, gira en torno a la señora March y el crecimiento personal de cada una de sus cuatro hijas, por lo que la historia se centra en los enamoramientos, sueños, visiones, metas y aspiraciones intelectuales de estas adolescentes, no obstante, su desarrollo personal se verá i...

وصف كامل

محفوظ في:
التفاصيل البيبلوغرافية
المؤلف الرئيسي: Alcott, Louisa May
التنسيق: كتاب
اللغة:English
منشور في: New York, Estados Unidos Barnes & Noble 1987
الموضوعات:
الوسوم: إضافة وسم
لا توجد وسوم, كن أول من يضع وسما على هذه التسجيلة!

MARC

LEADER 00000nam a2200000Ia 4500
008 170316s9999 xx 000 0 eng d
040 |a cru BVZT 
090 |a 810 A-2L 
100 |a Alcott, Louisa May 
245 |a Little Women / Louisa May Alcott 
260 |a New York, Estados Unidos 
260 |b Barnes & Noble 
260 |c 1987 
300 |a 537 páginas 
520 |a Novela de literatura juvenil, gira en torno a la señora March y el crecimiento personal de cada una de sus cuatro hijas, por lo que la historia se centra en los enamoramientos, sueños, visiones, metas y aspiraciones intelectuales de estas adolescentes, no obstante, su desarrollo personal se verá influenciado por una sociedad estadounidense tradicional, que está experimentando una gran guerra civil. Mujercitas, escrita en 1868 por Louisa May Alcott, tiene como fin reflexionar sobre los estereotipos que se le han dado al género femenino y sus roles en la sociedad. 
650 |a LITERATURA ESTADOUNIDENSE  |9 25 
650 |a EN IDIOMA INGLÉS  |9 129 
650 |a NOVELA JUVENIL  |9 13 
999 |c 30863  |d 30863 
942 |c 15 D  |h 810 A-2L  |2 z